| 000 | 00404cam a2200169ua 4500 | ||
|---|---|---|---|
| 020 | _c4.00 | ||
| 041 |
_ahin _h |
||
| 082 |
_a891.54 _bUSH/JE |
||
| 100 | _aUsha Devi, Mithra . | ||
| 245 |
_aJeevan ki muskan / _cUsha Devi Mithra. _hTextual Documents |
||
| 260 |
_a : _bNaranal publishing , _c1960. |
||
| 300 | _a137 ; . | ||
| 365 | _a4.00 | ||
| 504 | _a | ||
| 942 | _cBK | ||
| 999 |
_c11786 _d11786 |
||